000
00288nam a22001337a 4500
008
181102b xxu||||| |||| 00| 0 eng d
020
_a
9780201398557
041
_a
eng
080
_a
004
100
_a
28
101
_a
SHKI
245
_a
3D Computer Graphics
_c
Watt, A
942
_2
udc
_c
BK
999
_c
51675
_d
51675